| 000 | 00564nam a2200205 a 4500 | ||
|---|---|---|---|
| 003 | MX-MxUPN | ||
| 005 | 20240806064000.0 | ||
| 008 | 991125s1922 gw r 000 1 eng d | ||
| 035 | _aUPN01000005936 | ||
| 040 |
_aMX-MxUPN _bspa _cMX-MxUPN |
||
| 041 | 0 | _aeng | |
| 050 | 1 | 4 |
_aPR6045 A4 _bB6 |
| 100 | 1 |
_aWallace, Edgar, _d1875-1932 _952827 |
|
| 245 | 1 | 4 | _aThe book of all-power |
| 260 |
_aLeipzig : _bB. Tauchnitz, _c1922. |
||
| 300 | _a287 páginas | ||
| 490 | 0 |
_aCollection of British authors ; _v4567 |
|
| 650 | 4 |
_aLiteratura inglesa _95228 |
|
| 942 |
_2lcc _cLIBRO |
||
| 999 |
_c5936 _d5936 |
||